Agricultural commodity markets and trade: New approaches to analyzing market structure and instability (Record no. 42704)

MARC details
000 -LEADER
fixed length control field 00587nam a2200169Ia 4500
020 ## - INTERNATIONAL STANDARD BOOK NUMBER
ISBN 1845424441
082 ## - DEWEY DECIMAL CLASSIFICATION NUMBER
Classification number 338.43:339.172
Item number SAR
100 ## - MAIN ENTRY--AUTHOR NAME
Personal name Hallam, D
245 #0 - TITLE STATEMENT
Title Agricultural commodity markets and trade: New approaches to analyzing market structure and instability
260 ## - PUBLICATION, DISTRIBUTION, ETC. (IMPRINT)
Place of publication UN
Name of publisher Food and Agriculture Organization of the United Nations;2006
650 ## - SUBJECT ADDED ENTRY--TOPICAL TERM
Topical Term Commodity prices forecasting
650 ## - SUBJECT ADDED ENTRY--TOPICAL TERM
Topical Term Commodity prices volatility
650 ## - SUBJECT ADDED ENTRY--TOPICAL TERM
Topical Term International commodity prices
700 ## - ADDED ENTRY--PERSONAL NAME
Personal name Sarris, Alexander
942 ## - ADDED ENTRY ELEMENTS (KOHA)
Koha item type Books
Holdings
Withdrawn status Lost status Damaged status Not for loan Home library Current library Date acquired Cost, normal purchase price Full call number Accession Number Koha item type
        RRII Library RRII Library 16/12/2021 85.00 338.43:339.172 SAR 22970 Books